000 00324nam a22001457a 4500
003 SGT
020 _a978-81-7371-65-84
082 _a615
_bE09P
100 _aPRABHAKAR, MC
245 _aEXPERIMENTAL PHARMACOLOGY
260 _aNEW DELHI
_bUNIVERSITY PRESS
_c2009
300 _a228
650 _aPHARMACOLOGY
942 _2ddc
_cBK
999 _c9629
_d9629